Loading...
| Fine Arts - Auditory | 7 | 12.86 | 114% | 143% | 57% |
| Fine Arts - Other | 7 | 12.86 | 114% | 57% | 143% |
| Fine Arts - Visual | 7 | 12.86 | 114% | 114% | 86% |
| Geography | 1 | 20.00 | 400% | 0% | 200% |
| History - American | 5 | 10.00 | 80% | 80% | 80% |
| History - European | 3 | 10.00 | 133% | 133% | 0% |
| History - Other | 4 | 20.00 | 200% | 200% | 100% |
| History - World | 4 | 20.00 | 200% | 200% | 100% |
| Literature - American | 6 | 18.33 | 400% | 100% | 67% |
| Literature - British | 6 | 18.33 | 400% | 33% | 133% |
| Literature - European | 5 | 18.00 | 400% | 120% | 40% |
| Literature - World | 5 | 20.00 | 160% | 120% | 200% |
| Mythology | 2 | 20.00 | 400% | 200% | 0% |
| Other Academic | 1 | 20.00 | 0% | 200% | 200% |
| Philosophy | 6 | 18.33 | 200% | 100% | 167% |
| Religion | 6 | 13.33 | 200% | 33% | 133% |
| Science - Biology | 4 | 17.50 | 300% | 50% | 150% |
| Science - Chemistry | 6 | 18.33 | 133% | 133% | 167% |
| Science - Other | 4 | 15.00 | 300% | 100% | 50% |
| Science - Physics | 4 | 15.00 | 200% | 100% | 100% |
| Social Science | 5 | 14.00 | 80% | 160% | 80% |